| 000 | 00537nam a2200229Ia 4500 | ||
|---|---|---|---|
| 008 | 210210b2011 xxu||||| |||| 00| 0 eng d | ||
| 020 | _a9780393079005 | ||
| 041 | _aeng | ||
| 082 | _a323 FORU | ||
| 100 | _aFORD (Richard Thompson) | ||
| 245 | _aUniversal rights down to earth | ||
| 260 |
_aNewYork _bW W Norton and Company _c2011 |
||
| 300 | _a141 | ||
| 650 | _aUniversal | ||
| 650 | _ato | ||
| 650 | _arights: | ||
| 650 | _arights | ||
| 650 | _aearth | ||
| 650 | _adown | ||
| 690 | _aRelation of State | ||
| 906 | _a068750 | ||
| 999 |
_c152945 _d152945 |
||